| 000 | 00533nam a2200193 a 4500 | ||
|---|---|---|---|
| 001 | 596 | ||
| 003 | CDMR | ||
| 005 | 20131002132342.0 | ||
| 008 | 130130s1986||||||||||||||||||||||||||||d | ||
| 020 | _a8475093833 | ||
| 040 |
_aCDMR _bcat _cCPC GIRONA |
||
| 100 | 1 |
_aCosta, Pere-Oriol _9443 |
|
| 245 | 1 | 0 |
_aLa crisis de la televisión pública _cCosta, Pere-Oriol |
| 260 |
_c1986 _bPaidós _aBarcelona |
||
| 490 | 0 |
_aPaidós comunicación _v23 |
|
| 650 | 0 | 4 |
_93711 _aTelevisió _zEuropa |
| 650 | 0 | 4 |
_93108 _aTelevisió pública |
| 942 |
_cMON _2udc |
||
| 999 |
_c596 _d596 |
||